00522 2200157 4500245004800000020002200048100001900070650003000089005001900119260003700138041001400175084001000189500012100199490003500320336000900355 aAlam Semesta Volume 1cA. Ari DartoyohText a978-602-7706-01-9 aA. Ari Dartoyo aEnsiklopedia Alam Semesta a20231031133246 aJakartabIndonesia Printerc2012 aIndonesia a520.3 aDaftar Isi : Apakah Alam Semesta itu?, Ada Apa di Alam Semesta?, Tata Surya, Bumi dan Bulan, Mengamati Alam Semesta, aEnsiklopedia Sains Spektakuler atext